| 000 | 00521nam a22001577a 4500 | ||
|---|---|---|---|
| 999 |
_c535563 _d535563 |
||
| 020 | _qHard Cover. | ||
| 082 | _a620.0011 | ||
| 100 | _aShomaz ul Haq. | ||
| 245 |
_aHeat transfer enhancement using nanofluids for thermal energy applications / _cShomaz ul Haq. |
||
| 260 |
_aIslamabad: _bUSPCASE NUST, _c2017. |
||
| 300 |
_a107 p. : _bill. ; _c30cm. |
||
| 942 |
_2ddc _cTHE |
||
| 650 |
_aEnergy System Engineering MS-Thesis. _928868 |
||
| 700 |
_aDr. Majid Ali _929033 |
||